Literary Sixes Quiz Stats

 Plays Quiz Updated Aug 13, 2018

Challenge
Share
Tweet
Embed
Score 0/36 Timer 10:00
16 Plays Today
Hint Answer % Correct
Paired Shakespeare Title LoversRomeo
94.7%
Paired Shakespeare Title LoversJuliet
93.2%
Pooh's Animal FriendsEeyore
88%
Jane Austen NovelsPride and Prejudice
85.9%
A Tale of Two Cities Opening Wordsthe
85.2%
Pooh's Animal FriendsPiglet
84.6%
A Tale of Two Cities Opening WordsIt
82.3%
A Tale of Two Cities Opening Wordswas
82.2%
A Tale of Two Cities Opening Wordsof
81.8%
A Tale of Two Cities Opening Wordsbest
80.3%
Pooh's Animal FriendsRoo
80.2%
A Tale of Two Cities Opening Wordstimes
80%
Pooh's Animal FriendsOwl
78.2%
Pooh's Animal FriendsKanga
76.5%
Jane Austen NovelsSense and Sensibility
73.4%
Pooh's Animal FriendsRabbit
68.6%
Jane Austen NovelsEmma
68.5%
Voldemort's non-HP HorcruxesNagini
60.5%
Hint Answer % Correct
Voldemort's non-HP HorcruxesTom Riddle's Diary
58.1%
Paired Shakespeare Title LoversCleopatra
57.4%
Paired Shakespeare Title LoversAntony
56.5%
Eddard (Ned) Stark's Children in ASOIAFJon Snow
51.7%
Voldemort's non-HP HorcruxesRowena Ravenclaw's Diadem
49.9%
Voldemort's non-HP HorcruxesMarvolo Gaunt's Ring
49.3%
Eddard (Ned) Stark's Children in ASOIAFArya
48.8%
Voldemort's non-HP HorcruxesSalazar Slytherin's Locket
48.4%
Eddard (Ned) Stark's Children in ASOIAFRobb
46.7%
Voldemort's non-HP HorcruxesHelga Hufflepuff's Cup
46%
Eddard (Ned) Stark's Children in ASOIAFSansa
45.8%
Eddard (Ned) Stark's Children in ASOIAFBran
44.3%
Jane Austen NovelsNorthanger Abbey
39.1%
Paired Shakespeare Title LoversCressida
36.7%
Jane Austen NovelsMansfield Park
35%
Jane Austen NovelsPersuasion
34.7%
Paired Shakespeare Title LoversTroilus
34.4%
Eddard (Ned) Stark's Children in ASOIAFRickon
32.8%

You're not logged in!

Compare scores with friends on all Sporcle quizzes.
OR
Log In

You Might Also Like...

Show Comments

Extras

Top Quizzes Today


Score Distribution

Your Account Isn't Verified!

In order to create a playlist on Sporcle, you need to verify the email address you used during registration. Go to your Sporcle Settings to finish the process.

Report this User

Report this user for behavior that violates our Community Guidelines.

Details: